| 000 | 00506nam a2200193Ia 4500 | ||
|---|---|---|---|
| 003 | LK-CoDNM | ||
| 005 | 20240821095520.0 | ||
| 008 | 010623t1924 xxu||||| |||| 00| 1 eng d | ||
| 040 |
_aLK-CoDNM _dLK-CoDNM _eLK-CoDNM |
||
| 041 | _aeng | ||
| 080 |
_a7 _bH19 |
||
| 100 | _aRonaldshay,Earl. | ||
| 245 | _aIndia : A Birds-eye view | ||
| 260 |
_bConstable Company _aBombey _c1924 |
||
| 300 | _bXI, 314P. : 1Map . 24ill ; 22 cm | ||
| 650 | _aCave Temple-Ellora | ||
| 650 | _aCountries | ||
| 942 | _cBK | ||
| 999 |
_c92102 _d92102 |
||